000 00533nam a22001697a 4500
005 20251108164728.0
008 250721s1989 xx 000 0 ara d
082 1 4 _a614.88/زغل
100 1 _aمهران، زغلول
245 1 0 _aالإسعافات الأولية لك و لأسرتك في أي مكان /
264 1 _aالقاهرة :
_bمركز الاهرام للنشر،
_c1989.
300 _a115ص
650 1 7 _aالإسعاف الأولي
700 1 _aشوكة، عادل عين
942 _2ddc
_cBK
999 _c12896
_d12896